MARC details
| 000 -CABECERA |
| campo de control de longitud fija |
04538nam a2200349 a 4500 |
| 001 - NÚMERO DE CONTROL |
| campo de control |
000015127 |
| 003 - IDENTIFICADOR DEL NÚMERO DE CONTROL |
| campo de control |
OSt |
| 005 - FECHA Y HORA DE LA ÚLTIMA TRANSACCIÓN |
| campo de control |
20250621074005.0 |
| 008 - DATOS DE LONGITUD FIJA--INFORMACIÓN GENERAL |
| campo de control de longitud fija |
090709s2009 dr c 001 f spa d |
| 020 ## - NÚMERO INTERNACIONAL ESTÁNDAR DEL LIBRO |
| ISBN cancelado o inválido |
9993427098 |
| 040 ## - FUENTE DE LA CATALOGACIÓN |
| Centro catalogador/agencia de origen |
DO-SdBNP |
| Lengua de catalogación |
spa |
| Centro/agencia transcriptor |
BNPHU |
| 082 #4 - NÚMERO DE LA CLASIFICACIÓN DECIMAL DEWEY |
| Número de clasificación |
972.93053 |
| Número de documento/Ítem |
R696m, 2009 |
| 100 1# - ENTRADA PRINCIPAL--NOMBRE DE PERSONA |
| Nombre de persona |
Rodríguez Demorizi, Emilio, |
| Fechas asociadas al nombre |
1908-1986 |
| 9 (RLIN) |
1039 |
| 245 13 - MENCIÓN DE TÍTULO |
| Título |
La muerte de Trujillo según sus autores y los papeles de Ramfis Trujillo / |
| Mención de responsabilidad, etc. |
Emilio Rodríguez Demorizi ; editor Bernardo Vega ; prólogo Clara Rodríguez Demorizi. |
| 250 ## - MENCIÓN DE EDICIÓN |
| Mención de edición |
3a. ed. |
| 260 ## - PUBLICACIÓN, DISTRIBUCIÓN, ETC. |
| Lugar de publicación, distribución, etc. |
Santo Domingo : |
| Nombre del editor, distribuidor, etc. |
Fundación Rodríguez Demorizi : |
| -- |
Fundación Cultural Dominicana, |
| Fecha de publicación, distribución, etc. |
2009. |
| 300 ## - DESCRIPCIÓN FÍSICA |
| Extensión |
243 p. : |
| Otras características físicas |
il., retrs. ; |
| Dimensiones |
2009. |
| 500 ## - NOTA GENERAL |
| Nota general |
En la cubierta: segunda edición. |
| 500 ## - NOTA GENERAL |
| Nota general |
Incluye índice onomástico. |
| 500 ## - NOTA GENERAL |
| Nota general |
Incluye datos biográficos del autor en la solapa de la cubierta |
| 504 ## - NOTA DE BIBLIOGRAFÍA, ETC. |
| Nota de bibliografía, etc. |
Bibliográfía : p. 231. |
| 505 2# - NOTA DE CONTENIDO CON FORMATO |
| Título |
Prólogo / |
| Mención de responsabilidad |
Clara Rodríguez Demorizi -- |
| Título |
Introducción / |
| Mención de responsabilidad |
Bernardo Vega -- |
| Título |
Una demaciado breve misión diplomática -- |
| -- |
Cincuenta y tres días -- |
| -- |
Opiniones de Luis Amiama, de Ramfis Trujillo y del Lic. Temístocles Messina sobre el papel de Emilio Rodríguez Demorizi en la liberación de varias personas apresadas con motivo de la muerte de Trujillo -- |
| -- |
La muerte de Trujillo según sus autores -- |
| -- |
Antecedentes -- |
| -- |
Declaraciones de los héroes del 30 de mayo dadas el 18 de noviembre de 1961 comparadas con las ofrecidas bajo tortura a principios de junio de ese año -- |
| -- |
Modesto E. Díaz Quezada -- |
| -- |
Roberto Pastoriza Neret -- |
| -- |
Pedro Livio Cedeño -- |
| -- |
Luis Salvador Estrella Sadhalá -- |
| -- |
Huáscar Tejeda -- |
| -- |
Luis Manuel ( Tunti ) Cáceres Michel -- |
| -- |
Las armas utilizadas en la muerte de Trujillo, por Bernardo Vega -- |
| -- |
Certificado médico del Dr. Francisco González Cruz, E. N. -- |
| -- |
Declaraciones de Antonio Imbert a Francisco ( Pancho ) Aguirre, en abril de 1964 -- |
| -- |
Las dos declaraciones del chofer de Trujillo-- Notas a manos de Rodríguez Demorizi -- |
| -- |
Carta de Tomás Báez Díaz a Homero Hernández, de agosto de 1981 -- |
| -- |
Declaración de Horacio Frías, ex jefe de la Penitenciaría Nacional de La Victoria -- |
| -- |
Entrevista hecha a Ramfis por el periodista cubano José Suárez Núñez, en enero de 1966, en la revista venezolana Elite -- La carta de Ramfis a José Suárez Núñez -- |
| -- |
Dos opiniones personales de Rodríguez Demorizi -- |
| -- |
Amiama Tió involucra a Rafael Vidal en el complot -- |
| -- |
Opinión de Ramfis Trujillo sobre los que mataron a su padre -- |
| -- |
El papel de José René ( Pupo ) Román Fernández en el complot -- |
| -- |
Notas tomadas por Rodríguez Demorizi sobre una conversación con Ramfis en febrero de 1966 -- |
| -- |
Carta pública de los hijos de Román Fernández-- |
| -- |
Reacción pública de Ramfis a la declaración de los hijos de Román Fernández -- |
| -- |
Redacción pública de Ramfis a la declaración de los hijos de Román . |
| 505 2# - NOTA DE CONTENIDO CON FORMATO |
| Título |
Carta de Octavio ("Tavito") Balcácel -- |
| -- |
Carta de Fernando A. ("Tunti") Sánchez Otero a Ramfis, sobre "Pupo" Román -- |
| -- |
Opinión de Horacio Frías, ex jefe del penal de La Victoria, sobre "Pupo" Román -- |
| -- |
Las negociaciones políticas de Ramfis Trujillo con los norteamericanos, Junio-Noviembre de 1961 -- |
| -- |
Antecedentes -- |
| -- |
Memorándum de Ramfis crítico de Balaguer -- |
| -- |
Memorándum de Charles MacLaughlin sobre su reunión con Robert Murphy, el 7 de agosto de 1961 -- |
| -- |
Lo negociado con McGhee y las exigencias de la OEA -- |
| -- |
Las memorias de McGhee -- |
| -- |
Carta de J. Arismendy ("Petán") Trujillo, de 1962 -- |
| -- |
Otros asuntos -- |
| -- |
Las 44 preguntas hechas por Rodríguez Demorizi a Ramfis -- |
| -- |
Santiago Rey y el enterramiento de Trujillo en París -- |
| -- |
Opinión de Ramfis Trujillo sobre Anselmo Paulino Álvarez -- |
| -- |
Opinión de Ramfis Trujillo sobre Mayobanex Vargas -- |
| -- |
Opinión del coronel Miguel Ángel Hernando Ramírez sobre Trujillo, José rené Román, Luis Amiama Tió y Antonio Imbert y reacción de Ramfis Trujillo a esos comentarios -- |
| -- |
Fuentes de los documentos -- |
| -- |
Bibliografía -- |
| -- |
Índice onomástico. |
| 600 10 - PUNTO DE ACCESO ADICIONAL DE MATERIA--NOMBRE DE PERSONA |
| Nombre de persona |
Trujillo Molina, Rafael Leónidas, |
| Fechas asociadas al nombre |
1891-1961 |
| Subdivisión general |
Muerte |
| 9 (RLIN) |
10869 |
| 600 14 - PUNTO DE ACCESO ADICIONAL DE MATERIA--NOMBRE DE PERSONA |
| Nombre de persona |
Trujillo Martínez, Rafael Leónidas, |
| Títulos y otros términos asociados al nombre |
(Ramfis), |
| Fechas asociadas al nombre |
1929-1969 |
| Subdivisión general |
Correspondencias, memorias, etc. |
| 9 (RLIN) |
1246 |
| 651 #4 - PUNTO DE ACCESO ADICIONAL DE MATERIA--NOMBRE GEOGRÁFICO |
| Nombre geográfico |
República Dominicana |
| Subdivisión general |
Historia |
| Subdivisión cronológica |
Era de Trujillo, 1930-1961 |
| Subdivisión general |
Fuentes |
| 9 (RLIN) |
2416 |
| 651 #0 - PUNTO DE ACCESO ADICIONAL DE MATERIA--NOMBRE GEOGRÁFICO |
| Nombre geográfico |
República Dominicana |
| Subdivisión general |
Política y gobierno |
| 9 (RLIN) |
45 |
| 700 1# - PUNTO DE ACCESO ADICIONAL--NOMBRE DE PERSONA |
| Nombre de persona |
Rodríguez Demorizi, Clara, |
| Término indicativo de función/relación |
pról. |
| 9 (RLIN) |
1248 |
| 700 1# - PUNTO DE ACCESO ADICIONAL--NOMBRE DE PERSONA |
| Nombre de persona |
Vega, Bernardo, |
| Fechas asociadas al nombre |
1938 - |
| Término indicativo de función/relación |
ed. |
| 9 (RLIN) |
3222 |
| 910 ## - DATOS DE OPCIÓN DEL USUARIO (OCLC) |
| Datos de opción del usuario |
Validado. Control de calidad MMOLINA |
| 942 ## - ELEMENTOS DE PUNTO DE ACCESO ADICIONAL (KOHA) |
| Fuente del sistema de clasificación o colocación |
Dewey Decimal Classification |
| Tipo de ítem Koha |
Libros y folletos |